000 01073cam a22003137a 4500
003 CHAP
005 20220817042543.0
008 971013s1960 r 00010 d
010 _a47956
011 _a48928
035 _a53076
040 _cCHAP
090 _aFolleto 1034
100 0 0 _aSalgado Pérez, Felipe.
_9101604
245 1 3 _aLa técnica de conservación del suelo y del agua, base sólida para incrementar la producción agrícola mundial
260 _aMéxico, D.F. :
_bDirección General de Conservación del suelo y Agua,
_c1960
300 _a15 h.
500 _aPonencia de México a la Reunión conjunta FAO y OEA. México, 1960
590 _aBATCH-UPD
_b10
_c20130110
_lUCH01
_h1945
590 _aBATCH-UPD
_b10
_c20130410
_lUCH01
_h1308
590 _aBATCH-UPD
_b10
_c20130914
_lUCH01
_h1354
590 _aCONVERSION
_b10
_c20130109
_lUCH01
_h1326
650 1 4 _aAgua
_xConservacion.
_92319
650 1 4 _aSuelos
_xConservación.
_9110283
710 0 _aFAO.
901 _aBK
942 _cFOLL
949 _aFolleto 1034
_bBC
_cFOLL
_d-117904
_eTS1
_i53076
_si
999 _c47956
_d47956